[Event "Hamburg Harburg 12th I"]
[Site "Hamburg"]
[Date "2017.08.06"]
[Round "4.2"]
[White "Niemann, Marcel"]
[Black "Lohmann, Tristan"]
[Result "1-0"]
[WhiteElo "1119"]
[BlackElo "1010"]
[PlyCount "97"]
[EventDate "2017.08.06"]
[EventType "swiss"]
[EventRounds "5"]
[EventCountry "GER"]
[SourceDate "2017.08.14"]
[WhiteTeam "SK Ricklingen"]
[BlackTeam "Hamburger SK von 1830 eV"]

1. e4 e5 2. Nf3 Nc6 3. Bc4 Bc5 4. O-O Nf6 5. Nc3 d6 6. d3 Bg4 7. h3 Bh5 8. Na4
Nd4 9. Nxc5 Nxf3+ 10. gxf3 dxc5 11. Bg5 h6 12. Bh4 Qd7 13. Kh2 Bg6 14. Rg1 Nh5
15. Bg3 O-O 16. Bxe5 Qe7 17. Bg3 c6 18. Qd2 Qf6 19. Qe2 Qxb2 20. Rgb1 Qc3 21.
f4 Nf6 22. f3 Rfe8 23. Be1 Qd4 24. Qf2 Nh5 25. Qxd4 cxd4 26. f5 Bh7 27. Rxb7
Reb8 28. Rab1 Rf8 29. Bb4 Rfb8 30. Bxf7+ Kh8 31. Bd6 Rxb7 32. Rxb7 Nf6 33. Be5
Rf8 34. Bxd4 a5 35. a4 Bg8 36. Bxg8 Kxg8 37. h4 Rf7 38. Rxf7 Kxf7 39. Bxf6 gxf6
40. f4 Ke7 41. Kg3 Kd6 42. Kg4 Kc5 43. Kh5 Kb4 44. Kg6 Kxa4 45. Kxf6 Kb4 46.
Kg7 a4 47. f6 a3 48. f7 a2 49. f8=Q+ 1-0

[Event "Hamburg Harburg 12th I"]
[Site "Hamburg"]
[Date "2017.08.06"]
[Round "4.1"]
[White "Lohmann, Rene Alexander"]
[Black "Torres, Bryan Jonnel"]
[Result "1/2-1/2"]
[WhiteElo "940"]
[BlackElo "1125"]
[PlyCount "73"]
[EventDate "2017.08.06"]
[EventType "swiss"]
[EventRounds "5"]
[EventCountry "GER"]
[SourceDate "2017.08.14"]
[WhiteTeam "SK Wilhelmsburg 1936 eV"]
[BlackTeam "SC Diogenes e.V."]

1. d4 Nf6 2. c4 g6 3. Nc3 Bg7 4. e4 d6 5. f3 O-O 6. Be3 b6 7. Bd3 c5 8. dxc5
dxc5 9. e5 Nfd7 10. Be4 Nc6 11. Bxc6 Rb8 12. f4 Bb7 13. Bxb7 Rxb7 14. Nf3 e6
15. O-O f6 16. Re1 fxe5 17. fxe5 Nxe5 18. Nxe5 Bxe5 19. Bxc5 Bxc3 20. Bxf8 Qxd1
21. Raxd1 Bxe1 22. Rxe1 Kxf8 23. Rxe6 Kf7 24. Re1 b5 25. cxb5 Rxb5 26. b3 h5
27. g3 Rd5 28. Kf2 Kf6 29. Re2 g5 30. h3 Rd4 31. Kf3 Kf5 32. Rf2 Rb4 33. Ke3+
Ke5 34. Rc2 Rb5 35. Rb2 Kf5 36. a4 Rb4 37. Kf3 1/2-1/2

[Event "Hamburg Harburg 12th I"]
[Site "Hamburg"]
[Date "2017.08.06"]
[Round "4.3"]
[White "Detjen, Mattes"]
[Black "Rennkamp, David"]
[Result "0-1"]
[WhiteElo "890"]
[BlackElo "1012"]
[PlyCount "82"]
[EventDate "2017.08.06"]
[EventType "swiss"]
[EventRounds "5"]
[EventCountry "GER"]
[SourceDate "2017.08.14"]
[WhiteTeam "SF Lilienthal von 1971"]
[BlackTeam "SC Turm Lüneburg e.V."]

1. e4 e5 2. Nf3 Nc6 3. Bc4 Bc5 4. d3 d6 5. Nc3 Bg4 6. h3 Bh5 7. g4 Bg6 8. Bd2
Nf6 9. Bg5 O-O 10. Nd5 h6 11. Nxf6+ gxf6 12. Be3 Bxe3 13. fxe3 h5 14. Rg1 Kh7
15. Qe2 Kh6 16. gxh5 Bxh5 17. Qg2 Rg8 18. Qf2 Qd7 19. O-O-O Qxh3 20. Rxg8 Rxg8
21. Rf1 Rg2 22. Qe1 Bxf3 23. Rh1 Rh2 24. Rxh2 Qxh2 25. Bxf7 Qh1 26. Qxh1+ Bxh1
27. Kd2 Kg7 28. Bd5 Kg6 29. a3 a5 30. c3 Kg5 31. b4 axb4 32. axb4 f5 33. b5 Nd8
34. Ke2 f4 35. exf4+ exf4 36. Kf2 Kg4 37. Ke2 Kg3 38. Bb3 f3+ 39. Kf1 Bg2+ 40.
Ke1 f2+ 41. Ke2 f1=Q+ 0-1

[Event "Hamburg Harburg 12th I"]
[Site "Hamburg"]
[Date "2017.08.06"]
[Round "5.4"]
[White "Krueger, Dietrich"]
[Black "Rennkamp, Johannes"]
[Result "0-1"]
[WhiteElo "1007"]
[BlackElo "943"]
[PlyCount "48"]
[EventDate "2017.08.06"]
[EventType "swiss"]
[EventRounds "5"]
[EventCountry "GER"]
[SourceDate "2017.08.14"]
[WhiteTeam "Barmbeker SK 1926 eV"]
[BlackTeam "SC Turm Lüneburg e.V."]

1. d4 d5 2. Bg5 Nc6 3. e3 Bf5 4. Bd3 Bxd3 5. Qxd3 g6 6. f4 Bg7 7. Nf3 Nf6 8.
Ne5 Ne4 9. Bh4 Nb4 10. Qb5+ Nc6 11. Qxb7 Nxe5 12. fxe5 Rb8 13. Qxa7 Rxb2 14.
Qa4+ Qd7 15. Qxd7+ Kxd7 16. O-O Rxc2 17. Rxf7 Bh6 18. Na3 Bxe3+ 19. Kf1 Rb2 20.
Rxe7+ Kc6 21. Bf6 Rf8 22. Ke1 Rxg2 23. Rd1 Nc3 24. Rd3 Rg1# 0-1

[Event "Hamburg Harburg 12th I"]
[Site "Hamburg"]
[Date "2017.08.06"]
[Round "5.1"]
[White "Torres, Bryan Jonnel"]
[Black "Lohmann, Marten"]
[Result "1-0"]
[WhiteElo "1125"]
[BlackElo "910"]
[PlyCount "57"]
[EventDate "2017.08.06"]
[EventType "swiss"]
[EventRounds "5"]
[EventCountry "GER"]
[SourceDate "2017.08.14"]
[WhiteTeam "SC Diogenes e.V."]
[BlackTeam "Hamburger SK von 1830 eV"]

1. e4 e5 2. Nf3 Nc6 3. Bc4 Nf6 4. Nc3 Bc5 5. d3 d6 6. Bg5 Be6 7. Bb3 h6 8. Be3
O-O 9. O-O Bxe3 10. fxe3 Ng4 11. Qd2 Nf6 12. d4 Bxb3 13. axb3 Qe7 14. Nd5 Nxd5
15. exd5 Nd8 16. e4 c6 17. c4 cxd5 18. cxd5 f6 19. Qc3 Nf7 20. Rfc1 Qd7 21. Qc7
Qxc7 22. Rxc7 Rfb8 23. Ra4 a6 24. b4 b5 25. Ra1 Rd8 26. Rc6 Rdb8 27. Raxa6 Rxa6
28. Rxa6 h5 29. h3 {Unleserlich und nicht nachvollziehbar/ 1:0/irgendwo bei 58.
} 1-0

[Event "Hamburg Harburg 12th I"]
[Site "Hamburg"]
[Date "2017.08.06"]
[Round "5.3"]
[White "Lohmann, Tristan"]
[Black "Detjen, Mattes"]
[Result "1/2-1/2"]
[WhiteElo "1010"]
[BlackElo "890"]
[PlyCount "85"]
[EventDate "2017.08.06"]
[EventType "swiss"]
[EventRounds "5"]
[EventCountry "GER"]
[SourceDate "2017.08.14"]
[WhiteTeam "Hamburger SK von 1830 eV"]
[BlackTeam "SF Lilienthal von 1971"]

1. e4 e5 2. Nf3 Nc6 3. Bc4 Bc5 4. d3 Nf6 5. Nc3 d6 6. Bg5 h6 7. Bh4 g5 8. Bg3
Be6 9. Bb3 Qd7 10. Qd2 O-O-O 11. O-O-O Bg4 12. Qe2 Nd4 13. Ba4 Nc6 14. h3 Bxf3
15. Qxf3 Nh7 16. Nd5 Nd4 17. Bxd7+ Rxd7 18. Qg4 Kd8 19. c3 Nc6 20. Qe2 Ne7 21.
Nxe7 Rxe7 22. f3 Rhe8 23. Bf2 Bxf2 24. Qxf2 b6 25. d4 exd4 26. Rxd4 Nf6 27. h4
g4 28. fxg4 Nxg4 29. Qf4 Nf6 30. Qxh6 Nxe4 31. Qf4 Nc5 32. Qg3 Ne4 33. Qg7 Nc5
34. Rdd1 Ne6 35. Qg3 Nc5 36. Rde1 Rxe1+ 37. Rxe1 Rxe1+ 38. Qxe1 Nd3+ 39. Kd2
Nxe1 40. Kxe1 Ke7 41. Kf2 Kf6 42. Kf3 c5 43. h5 1/2-1/2

[Event "Hamburg Harburg 12th I"]
[Site "Hamburg"]
[Date "2017.08.06"]
[Round "5.2"]
[White "Rennkamp, David"]
[Black "Niemann, Marcel"]
[Result "0-1"]
[WhiteElo "1012"]
[BlackElo "1119"]
[PlyCount "64"]
[EventDate "2017.08.06"]
[EventType "swiss"]
[EventRounds "5"]
[EventCountry "GER"]
[SourceDate "2017.08.14"]
[WhiteTeam "SC Turm LÃ¼neburg e.V."]
[BlackTeam "SK Ricklingen"]

1. d4 d5 2. c4 c6 3. Nf3 Nf6 4. Nc3 e6 5. Bg5 Be7 6. e3 O-O 7. Bd3 h6 8. Bf4
Nh5 9. O-O Nxf4 10. exf4 Bd6 11. g3 Qf6 12. Qe2 Nd7 13. Rfe1 b6 14. Qe3 Bb7 15.
Rab1 c5 16. Nb5 cxd4 17. Qxd4 Qxd4 18. Nfxd4 Bc5 19. Nf3 dxc4 20. Bxc4 Bxf3 21.
Rbc1 Nf6 22. Rc3 Bh5 23. Kg2 Bb4 24. Rce3 Bxe1 25. Rxe1 Bg6 26. Re5 Nd7 27. Re2
Nc5 28. b4 Bd3 29. Bxd3 Nxd3 30. Rd2 Nxb4 31. a3 Nd5 32. Kf3 Rfc8 0-1